ระบบห้องสมุดอัตโนมัติ ULibM
วิทยาลัยพยาบาลบรมราชชนนี พระพุทธบาท
เปลี่ยนเป็นภาษาไทย

Change to English
 แสดงรายละเอียดบรรณานุกรม
  กลับหน้าหลัก

Brief Record : Get Marc (ISO 2709) : E-mail record : QR code ปิดหน้าต่าง
E-books : เกี่ยวกับ Collections
LEADER 00000nam 2200000uu 4500
001    13399122327
003     ULIBM
008    121155s2003 th a 000 0 eng d
020    0767416813
100    Hatch, Gary Layne.
245    Arguing in communities : reading and writing arguments in context
250    3rd ed
260    America :^bMcGrawHill,^c2003
300    797 pages
650    Persuasion (Rhetoric)^xReasoning.^yCommunication-Social aspects.^zRhetoric-Research-Methodology.
945    ^p0^l0^i012929
945    ^p0^l0^i012930
999    ^aน.ส.สุพรรษา เริงรื่น
รายการนี้ยังไม่มีแท็ก
คุณยังไม่ได้ล็อกอิน คุณสามารถมีกิจกรรมร่วมกับเว็บไซต์ได้ แต่ต้องล็อกอินก่อน ::
  ล็อกอิน
ลำดับที่ ประเภท เลขเรียก สถานที่ สถานะ
1.
P 301.5.P47H38a 2003  
  
วิทยาลัยพยาบาลบรมราชชนนี พระพุทธบาท
►หนังสือทั่วไป
On Shelf
2.
P 301.5.P47H38a 2003 ฉ.2 
  
วิทยาลัยพยาบาลบรมราชชนนี พระพุทธบาท
►หนังสือทั่วไป
On Shelf
   [แสดง 2/2 รายการ]

Bib 13399122327